000
00298nam a2200109Ia 4500
008
220204s9999 xx 000 0 und d
082
_a
929 A/Z (COW)
_b
COW
100
_a
Cowdrey, Colin
245
0
_a
MCC: The autobiography of a cricketer
260
_a
London
_b
Hodder and Stoughton
_c
1976
942
_c
BK
999
_c
35229
_d
35229